000 00579nam a22001937a 4500
005 20140310183651.0
008 140122b xxu||||| |||| 00| 0 eng d
020 _a0446609331
020 _a0446675942
050 _aHD 30.37
_b.G38 2000
100 _aGates, Bill
245 _aBusiness @ the speed of thought :
_bsucceeding in the digital economy /
_cBill Gates with Collins Hemingway.
260 _aNew York :
_bWarner Books,
_c2000.
300 _axxvii, 527 p. :
_bill. ;
_c18 cm.
500 _aIncludes Index.
521 _aBSBA
942 _2lcc
_cBK
_kFOR
999 _c26071
_d26071